Magister en ciencias agrarias y doctorados en agronomía : 1997-1998.

Guardado en:
Autor Corporativo: Universidad Nacional del Sur. Departamento de Agronomía.
Formato: Libro
Idioma:Spanish
Publicado: Bahía Blanca, 1998?
Etiquetas: Agregar Etiqueta
Sin Etiquetas, Sea el primero en etiquetar este registro!
LEADER 00504nam a22001455a 4500
001 EEA.libagro005387
005 20180703115110.0
008 130809s1998####ag#a##########000#0#spa#d
082 0 4 |a 378.2 
082 0 4 |a 630.071198212 
110 2 |a Universidad Nacional del Sur.  |b Departamento de Agronomía. 
245 1 0 |a Magister en ciencias agrarias y doctorados en agronomía :  |b 1997-1998. 
260 |a Bahía Blanca,  |c 1998? 
300 |a 19 p. :  |b il. ;  |c 24 cm. 
859 |a AR-BbBCA  |b BIB. AGRONOMIA  |h 378.2  |i B151 1997-1998  |p 1996/2700